• 首页
  • 本馆介绍
  • 公告通知
  • 最新文献
  • 馆藏检索
  • 电子资源
  • 读者导购
  • 参考咨询
  • 我的图书馆
  • 登录
  • 详细信息显示
  • 放入我的书架
  • 预约/预借图书
  • 作者相关作品
  • 分类相关作品
  • 丛书相关作品
  • 出版社相关作品

书目信息

  • 表格格式
  • 工作单格式
  • 卡片格式
题名:
二极管激光器与集成光路
    
 
作者: 科尔德伦 , 科尔津 著 ;史寒星 译
分册:  
出版信息: 北京   北京邮电大学出版社  2006
页数: 405页
开本: 26cm
丛书名:
单 册:
中图分类: TN491 , TN248
科图分类:
主题词: 二极管--激光器 , 二极管 , 激光器 , 光集成电路
电子资源:
ISBN: 7-5635-1293-4
000 01229nam0 2200313 450
001 003377674
005 20070804113223.45
010    @a7-5635-1293-4@dCNY58.00
100    @a20070124d2006 em y0chiy0110 ea
101 1  @achi@ceng
102    @aCN@b110000
105    @ay z 000yy
200 1  @a二极管激光器与集成光路@9er ji guan ji guang qi yu ji cheng guang lu@dDiode lasers and photonic integrated circuits@f(美)拉里·A. 科尔德伦(Larry A. Coldren),(美)斯科特·W. 科尔津(Scott W. Corzine)[著]@g史寒星译@zeng
210    @a北京@c北京邮电大学出版社@d2006
215    @a405页@d26cm
305    @a经授权由John Wiley & Sons, Inc. 出版的英文版翻译
330    @a本书内容包括:关于二极管激光器的现象学方法、二极管激光器的镜面与谐振、增益与电流的关系、动态效应、介质波导、集成光路等8章。
510 1  @aDiode lasers and photonic integrated circuits@zeng
606 0  @a二极管@x激光器
606 0  @a二极管
606 0  @a激光器
606 0  @a光集成电路
690    @aTN491@v4
690    @aTN248@v4
701  0 @c(美)@a科尔德伦@9ke er de lun@c(Coldren, Larry A.)@4著
701  0 @c(美)@a科尔津@9ke er jin@c(Corzine, Scott W.)@4著
702  0 @a史寒星@9shi han xing@4译
801  0 @aCN@bNLC@c20070804
905    @a10447@dTN248@e78
    
    二极管激光器与集成光路=Diode lasers and photonic integrated circuits/(美)拉里·A. 科尔德伦(Larry A. Coldren),(美)斯科特·W. 科尔津(Scott W. Corzine)[著]/史寒星译.-北京:北京邮电大学出版社,2006
    405页;26cm
    
    
    ISBN 7-5635-1293-4:CNY58.00
    本书内容包括:关于二极管激光器的现象学方法、二极管激光器的镜面与谐振、增益与电流的关系、动态效应、介质波导、集成光路等8章。
●
相关链接 在E读中查询图书 在五车中查询图书 在当当中查询图书 在豆瓣中查询图书


正题名:二极管激光器与集成光路     索取号:TN248/78         预约/预借

序号 登录号 条形码 馆藏地/架位号 状态 备注
1 0803872   208038728   第二样本阅览室/ [索取号:TN248/78] 在馆    
2 0803873   208038737   第三借阅区/ [索取号:TN248/78] 在馆    
3 0803874   208038746   第三借阅区/ [索取号:TN248/78] 在馆    
4 0803875   208038755   第三借阅区/ [索取号:TN248/78] 在馆    
5 0803876   208038764   第三借阅区/ [索取号:TN248/78] 在馆    
6 0803877   208038773   第三借阅区/ [索取号:TN248/78] 在馆    
7 0803878   208038782   第三借阅区/ [索取号:TN248/78] 在馆    
8 0803879   208038791   第三借阅区/ [索取号:TN248/78] 在馆    
9 0803880   208038808   第三借阅区/ [索取号:TN248/78] 在馆    
10 0803881   208038817   第三借阅区/ [索取号:TN248/78] 在馆    
唐山师范学院图书馆 欢迎您!
大连网信软件有限公司© 版权所有